[Event "Nairobi op"]
[Site "Nairobi"]
[Date "2023.04.07"]
[Round "4"]
[White "Kimani, Kimingi"]
[Black "Sospeter, Wachira"]
[Result "1-0"]
[WhiteElo "1789"]
[BlackElo "1298"]
[PlyCount "73"]
[EventDate "2023.04.06"]
[EventType "swiss"]
[EventRounds "9"]
[EventCountry "KEN"]
[SourceTitle "EXT 2024"]
[Source "ChessBase"]
[SourceDate "2023.10.10"]
[SourceVersion "1"]
[SourceVersionDate "2023.10.10"]
[SourceQuality "1"]

1. d4 d5 2. Bf4 Nf6 3. e3 e6 4. Nf3 Be7 5. Bd3 0-0 6. h3 c5 7. c3 Nc6 8. Nbd2 a6 9. 0-0 b5 10. Qe2 h6 11. Rad1 Bd6 12. Ne5 Qc7 13. Ndf3 Nd7 14. Nxc6 Qxc6 15. Bxd6 Qxd6 16. e4 dxe4 17. Qxe4 Nf6 18. Qxa8 Qb6 19. Be4 c4 20. Qc6 Qa5 21. Bb1 Bd7 22. Qd6 Rc8 23. Ne5 Be8 24. Ng4 Nd5 25. Qg3 Kh8 26. Ne5 Kg8 27. f4 Qc7 28. Qf3 Rd8 29. f5 exf5 30. Qxf5 g6 31. Qf3 Kg7 32. Be4 Nb6 33. Qf6+ Kg8 34. Ng4 Kh7 35. Qh4 Nd5 36. Qxh6+ Kg8 37. Bxd5 1-0

[Event "KEN-chT"]
[Site "Nairobi"]
[Date "2019.04.14"]
[Round "11.3"]
[White "Kimani, Kimingi"]
[Black "Andiwoh, Moses"]
[Result "1-0"]
[WhiteElo "1777"]
[BlackElo "1818"]
[PlyCount "128"]
[EventDate "2019.02.09"]
[EventType "team-tourn"]
[EventRounds "27"]
[EventCountry "KEN"]
[SourceTitle "CBM 192 Extra"]
[Source "Chessbase"]
[SourceDate "2019.11.06"]
[SourceVersion "1"]
[SourceVersionDate "2019.11.06"]
[SourceQuality "1"]
[WhiteTeam "Anchor"]
[BlackTeam "Equity"]
[WhiteTeamCountry "KEN"]
[BlackTeamCountry "KEN"]

1. e4 d5 2. exd5 Qxd5 3. Nc3 Qd6 4. Nf3 Nf6 5. Bc4 Bg4 6. d4 e6 7. 0-0 Be7 8. Nb5 Qd8 9. Bf4 Na6 10. d5 exd5 11. Bb3 c6 12. Nbd4 0-0 13. h3 Bxf3 14. Qxf3 Nc5 15. Nf5 Nfe4 16. Qg4 Ne6 17. Be5 Bf6 18. Nh6+ Kh8 19. Nxf7+ Rxf7 20. Qxe6 Re7 21. Bxf6 Rxe6 22. Bxd8 Rxd8 23. Rfe1 Rde8 24. Rad1 Nc5 25. Rxe6 Rxe6 26. c4 Nxb3 27. cxd5 Rd6 28. Re1 Kg8 29. dxc6 Rxc6 30. axb3 Kf7 31. Re2 Rb6 32. Re3 Rd6 33. Rc3 Ke7 34. Rc7+ Rd7 35. Rxd7+ Kxd7 36. Kf1 Kd6 37. Ke2 Kc5 38. Kd3 Kb4 39. Kc2 b6 40. f4 b5 41. g4 a6 42. f5 Kc5 43. Kc3 b4+ 44. Kd3 Kd5 45. Ke3 Ke5 46. Kf3 h6 47. Ke3 h5 48. Kf3 Kf6 49. Kf4 hxg4 50. hxg4 Kf7 51. g5 Ke8 52. Ke5 Ke7 53. Kd5 Kd7 54. Kc5 a5 55. Kb5 Kd6 56. Kxa5 Ke5 57. f6 gxf6 58. gxf6 Kxf6 59. Kxb4 Ke7 60. Kb5 Kd7 61. Kb6 Kc8 62. b4 Kb8 63. b5 Ka8 64. Kc7 Ka7 1-0